000 00734nam a22001695i 4500
001 158638
003 ES-MaACL
005 20230906211242.0
008 960918s1871 sp |||| | spa d
040 _aEUS
_bspa
_cEUS
100 1 _aManterola, José (
_d1849-1884)
_9129425
245 1 0 _aGuia-manual geografico-descriptivo de la provincia de Guipuzcoa, con curiosisimas noticias acerca de sus mas importantes villas...
_b: acompañado de un completo guia historico-descriptivo de la ciudad de San Sebastian... /
_cpor J. Manterola.
260 _a[S.l.] :
_b[s.n.],
_c1871 (
_eSan Sebastian :
_fImprenta de José Maria Arzanegui)
300 _a334, [2] p. ;
_c18 cm.
597 _aAntep.
852 _aES-MaACL
_jD-2572
_z-- Enc. hol.
999 _c158638
_d158638